05-秋田県の市町村クイズ(1999年) - Statistics

General Stats
  • This quiz has been taken 172 times
  • The average score is 42 of 69
Answers on the Map
Answers color-coded by a green-red scale on the quiz's map according to % correct below.
 
Answer Stats
Answer % Correct
秋田あきた
94%
男鹿おが
94%
大潟おおがたむら
90%
大館おおだて
90%
鹿角かづの
90%
上小阿仁かみこあにむら
88%
小坂こさかまち
87%
能代のしろ
87%
五城目ごじょうめまち
86%
田沢湖たざわこまち
80%
井川いかわまち
78%
仁賀保にかほまち
78%
東成瀬ひがしなるせむら
78%
藤里ふじさとまち
78%
本荘ほんじょう
78%
羽後うごまち
77%
八郎潟はちろうがたまち
75%
角館かくのだてまち
74%
鷹巣たかのすまち
74%
阿仁あにまち
72%
八森はちもりまち
72%
大曲おおまがり
71%
象潟きさかたまち
71%
湯沢ゆざわ
71%
ふたまち
70%
横手よこて
70%
鳥海ちょうかいまち
67%
八竜はちりゅうまち
67%
金浦このうらまち
65%
峰浜みねはまむら
64%
合川あいかわまち
62%
琴丘ことおかまち
62%
比内ひないまち
62%
由利ゆりまち
62%
飯田川いいたがわまち
61%
天王てんのうまち
61%
東由利ひがしゆりまち
59%
矢島やしままち
58%
若美わかみまち
58%
河辺かわべまち
57%
森吉もりよしまち
57%
西木にしきむら
55%
皆瀬みなせむら
55%
山本やまもとまち
55%
岩城いわきまち
54%
協和きょうわまち
54%
西目にしめまち
54%
昭和しょうわまち
52%
田代たしろまち
52%
大内おおうちまち
51%
雄勝おがちまち
48%
山内さんないむら
46%
十文字じゅうもんじまち
45%
南外なんがいむら
43%
平鹿ひらかまち
43%
増田ますだまち
43%
稲川いなかわまち
42%
千畑せんはたまち
42%
西仙北にしせんぼくまち
42%
雄和ゆうわまち
42%
雄物川おものがわまち
41%
仙南せんなんむら
39%
神岡かみおかまち
38%
太田おおたまち
36%
大森おおもりまち
36%
仙北せんぼくまち
36%
大雄たいゆうむら
36%
中仙なかせんまち
33%
六郷ろくごうまち
32%
No matching quizzes found
Score Distribution
Percent of People with Each Score
Percentile by Number Answered
Your Score History
You have not taken this quiz